Cooperación descentralizada Unión Europea-América Latina y el desarrollo económico local
Publicado:
Barcelona :
Observatorio de Cooperación Descentralizada Unión Europea América Latina : Diputación de Barcelona, [2008]
Descripción Física:
124 p. ; 21 cm
Colección:
Estudios de Investigación ; 6
MARC
| LEADER | 00000nam a2200000Ia 4500 | ||
|---|---|---|---|
| 001 | 24214 | ||
| 008 | 160829s9999 xx 000 0 cat d | ||
| 080 | |a Bib-191 | ||
| 245 | |a Cooperación descentralizada Unión Europea-América Latina y el desarrollo económico local | ||
| 260 | |a Barcelona : |b Observatorio de Cooperación Descentralizada Unión Europea América Latina : |b Diputación de Barcelona, [2008] | ||
| 300 | |a 124 p. ; |c 21 cm | ||
| 490 | |a Estudios de Investigación ; 6 | ||
| 590 | |a Bibliografia | ||
| 650 | |a Cooperació econòmica |x Europa |9 49575 | ||
| 650 | 0 | |a Cooperació internacional |z Amèrica Llatina |9 10862 | |
| 650 | 0 | |a Relacions internacionals |9 31027 |2 Arxiu | |
| 650 | 0 | |a Cooperació internacional |z Unió Europea, Països de la |9 44808 | |
| 650 | |a Desenvolupament econòmic |x Cooperació internacional |9 49578 | ||
| 710 | 1 | |a Barcelona (Catalunya : Província). |b Diputació |9 52408 | |
| 710 | |a Observatorio de Cooperación Descentralizada |9 70654 | ||
| 901 | |a Arxiu | ||
| 942 | |n 1 |2 udc | ||
| 952 | |0 0 |1 0 |4 0 |6 BIB191 |7 1 |9 55450 |a Arxiu |b Arxiu |d 2016-12-01 |l 0 |o Bib-191 |p 24214 |r 2016-12-01 00:00:00 |w 2016-12-01 |y ARXIU | ||
| 999 | |c 59323 |d 59323 | ||